Вып. 26; Основной органический синтез и нефтехимия

Bibliografiset tiedot
Parent link:Основной органический синтез и нефтехимия: межвузовский сборник научных трудов/ Ярославский политехнический институт. Вып. 26.— , 1975-1990
Muut tekijät: Крюков С. И. Сергей Иванович (редактор)
Kieli:venäjä
Julkaistu: 1990
Aiheet:
Aineistotyyppi: Kirja
KOHA link:https://koha.lib.tpu.ru/cgi-bin/koha/opac-detail.pl?biblionumber=197829

MARC

LEADER 00000nam2a2200000 4500
001 197829
005 20231031183618.0
010 |a 523015229X 
020 |a RU  |b 91-2992ж 
035 |a (RuTPU)RU\TPU\book\215794 
090 |a 197829 
100 |a 20110617d1974 k a0rusy5003 ca 
101 0 |a rus 
102 |a RU 
105 |a a z 001zy 
200 0 |a Вып. 26  |f под ред. С. И. Крюкова 
210 |d 1990 
215 |e (ил.)  |a 145 с. 
320 |a Библиография в конце статей 
461 1 |0 (RuTPU)RU\TPU\book\300627  |t Основной органический синтез и нефтехимия  |o межвузовский сборник научных трудов  |f Ярославский политехнический институт  |v Вып. 26  |d 1975-1990  |s Научная литература 
610 1 |a органический синтез 
610 1 |a нефтехимия 
610 1 |a реакции 
610 1 |a катализаторы 
610 1 |a органические соединения 
610 1 |a смеси 
675 |a 547.057  |z rus 
675 |a 665.65  |z rus 
702 1 |a Крюков  |b С. И.  |g Сергей Иванович  |4 340 
801 0 |a RU  |b RuMRKP  |c 19950417  |g psbo 
801 1 |a RU  |b 63413507  |c 20110617 
801 2 |a RU  |b 63413507  |c 20161216  |g RCR 
942 |c BK